Missing Word: Canadian Cities Quiz Stats

 Plays Quiz Updated Jul 1, 2019

Score 0/20 Timer 02:00
1 Play Today
City Missing Word % Correct
Niagara _____Falls
97.3%
Quebec _____City
95.7%
Dawson _____Creek
76.8%
Sault Ste. _____Marie
67.2%
_____ JohnSaint
60.1%
_____ McMurrayFort
59.3%
Medicine _____Hat
58.1%
Moose _____Jaw
54%
_____ BayThunder
44.9%
Richmond _____Hill
41.8%
City Missing Word % Correct
_____ ForksGrand
41.8%
_____ FlonFlin
32.9%
Owen _____Sound
32.5%
Hay _____River
27.9%
_____ CoquitlamPort
23.7%
Grande _____Prairie
23.4%
_____ BrookCorner
21.2%
_____ RidgeMaple
20.7%
Conception Bay _____South
14.1%
_____ InletRankin
11.1%

Today's Daily Dose

You're not logged in!

Compare scores with friends on all Sporcle quizzes.
OR
Log In

Sporcle TV

Today on Sporcle TV


Watch our educational content, quiz creation guides, and fun videos on Sporcle TV.

Show Comments

Extras

Top Quizzes Today


Score Distribution

Your Account Isn't Verified!

In order to create a playlist on Sporcle, you need to verify the email address you used during registration. Go to your Sporcle Settings to finish the process.

Report this User

Report this user for behavior that violates our Community Guidelines.

Details: